[Event "Banff op"]
[Site "Banff CAN"]
[Date "2021.11.12"]
[Round "2.15"]
[White "Yao, Sammy"]
[Black "Darvekar, Yash"]
[Result "1/2-1/2"]
[WhiteElo "2062"]
[BlackElo "1761"]
[PlyCount "74"]
[EventDate "2021.11.12"]
[EventType "swiss"]
[EventRounds "6"]
[EventCountry "CAN"]

1. c4 c6 2. g3 Nf6 3. Bg2 g6 4. Nc3 Bg7 5. e3 O-O 6. Nge2 d5 7. cxd5 cxd5 8. d4
Bf5 9. Nf4 e6 10. h3 g5 11. Nd3 Nfd7 12. O-O Bg6 13. f4 f6 14. Nxd5 exd5 15.
Bxd5+ Kh8 16. Bxb7 Nb6 17. Nc5 Re8 18. Qf3 N8d7 19. Bxa8 Nxa8 20. Nxd7 Qxd7 21.
f5 Bf7 22. Bd2 Nb6 23. b3 Bd5 24. Qf2 Nc8 25. Bb4 Nd6 26. Bxd6 Qxd6 27. Rac1
Bf8 28. Rc3 Qb8 29. Rfc1 Bd6 30. g4 Bg3 31. Qf1 Be4 32. Qa6 Bh2+ 33. Kf1 Qg3
34. Qxf6+ Kg8 35. Qxg5+ Kh8 36. Qf6+ Kg8 37. Qg5+ Kh8 1/2-1/2

[Event "Banff op"]
[Site "Banff CAN"]
[Date "2021.11.12"]
[Round "2.17"]
[White "Cater, Brendan"]
[Black "Lin, Leo"]
[Result "0-1"]
[WhiteElo "1877"]
[BlackElo "1947"]
[PlyCount "190"]
[EventDate "2021.11.12"]
[EventType "swiss"]
[EventRounds "6"]
[EventCountry "CAN"]

1. d4 d5 2. Nf3 Nf6 3. e3 Bf5 4. c4 c6 5. Nbd2 e6 6. Qb3 Qb6 7. Be2 Nbd7 8. O-O
Be7 9. Re1 O-O 10. Nh4 Be4 11. f3 Bg6 12. Nxg6 hxg6 13. Qxb6 axb6 14. cxd5 cxd5
15. f4 Rfc8 16. Bd3 Bb4 17. Re2 Rc7 18. a3 Bxd2 19. Bxd2 Ne4 20. Bxe4 dxe4 21.
Bb4 Nf6 22. Rd1 Nd5 23. Be1 Rac8 24. Kf2 f5 25. h3 Rc1 26. Red2 Rxd1 27. Rxd1
Rc2+ 28. Rd2 Rc1 29. Re2 Kf7 30. Bd2 Rb1 31. Be1 Ke7 32. Rc2 Kd7 33. Bd2 b5 34.
Ba5 b6 35. Bd2 Ne7 36. Bc1 Nc6 37. Bd2 Nd8 38. Bb4 Nf7 39. Bf8 Nd8 40. Bxg7 Nb7
41. Bf8 Na5 42. Bb4 Nc4 43. Bc3 Kd6 44. Re2 Kd5 45. Rc2 Rd1 46. Ke2 Rg1 47. Be1
Rxg2+ 48. Bf2 Rh2 49. h4 Rh1 50. b3 Nxa3 51. Rc8 Nb1 52. Rd8+ Kc6 53. Rc8+ Kd7
54. Rc2 b4 55. Be1 Na3 56. Rc1 Nb5 57. Rc2 Nc7 58. Bxb4 Nd5 59. Bd2 Rh2+ 60.
Kd1 Rxh4 61. Ke2 Rh2+ 62. Kd1 Rh1+ 63. Ke2 Rb1 64. b4 Nxb4 65. Bxb4 Rxb4 66.
Kd2 b5 67. Rc5 Rb2+ 68. Ke1 b4 69. d5 b3 70. dxe6+ Kxe6 71. Rb5 Kf6 72. Kd1 Kg7
73. Kc1 Rc2+ 74. Kd1 Rc3 75. Ke2 Kh6 76. Rb6 Kh5 77. Kd2 Rd3+ 78. Ke2 g5 79.
fxg5 Kxg5 80. Rb8 Kf6 81. Rb5 Ke6 82. Kf2 Rd2+ 83. Ke1 Rb2 84. Kd1 Rb1+ 85. Kd2
b2 86. Kc3 Re1 87. Kxb2 Rxe3 88. Kc2 Rd3 89. Ra5 Rd5 90. Ra8 f4 91. Rf8 Ke5 92.
Kc3 e3 93. Kc4 Rd1 94. Kc3 Ke4 95. Kc2 Rd7 0-1

[Event "Banff op"]
[Site "Banff CAN"]
[Date "2021.11.12"]
[Round "2.19"]
[White "Suominen, David"]
[Black "Findlay, Ian"]
[Result "0-1"]
[WhiteElo "1817"]
[BlackElo "2316"]
[PlyCount "118"]
[EventDate "2021.11.12"]
[EventType "swiss"]
[EventRounds "6"]
[EventCountry "CAN"]

1. Nf3 Nf6 2. c4 c5 3. g3 Nc6 4. d4 cxd4 5. Nxd4 Qb6 6. e3 e6 7. Nc2 Be7 8. Bg2
O-O 9. O-O d6 10. b3 Bd7 11. Bb2 Rfd8 12. Nc3 a6 13. Qe2 Rac8 14. Rac1 Ne5 15.
Nd4 Be8 16. Rfd1 Qa7 17. h3 Qb8 18. Rc2 b5 19. cxb5 axb5 20. Rdc1 b4 21. Na4
Rxc2 22. Qxc2 d5 23. f4 Ng6 24. Nc6 Bxc6 25. Qxc6 Bd6 26. Qc2 Ne7 27. g4 e5 28.
f5 h5 29. g5 Nh7 30. h4 Qa7 31. Qf2 g6 32. fxg6 fxg6 33. Qd2 d4 34. exd4 exd4
35. Qd3 Nf8 36. Qc4+ Kh7 37. Bxd4 Qxd4+ 38. Qxd4 Bh2+ 39. Kxh2 Rxd4 40. Rc7 Rd7
41. Rc4 Nf5 42. Rxb4 Rd2 43. Kg1 Rd1+ 44. Bf1 Ne6 45. Re4 Rxf1+ 46. Kxf1 Ng3+
47. Kf2 Nxe4+ 48. Kf3 Nd6 49. Nc3 Kg7 50. Nd5 Kf7 51. Ne3 Nd4+ 52. Kf4 Ke6 53.
b4 Ne2+ 54. Kf3 Nc3 55. a3 Ke5 56. Ng4+ Ke6 57. Ne3 Nd5 58. Ng4 Nf5 59. Nf6
Nxh4+ 0-1

[Event "Banff op"]
[Site "Banff CAN"]
[Date "2021.11.12"]
[Round "2.20"]
[White "D'Souza, Carina"]
[Black "Sequillion, Aaron"]
[Result "1-0"]
[WhiteElo "1771"]
[BlackElo "2142"]
[PlyCount "59"]
[EventDate "2021.11.12"]
[EventType "swiss"]
[EventRounds "6"]
[EventCountry "CAN"]

1. e4 c5 2. Nf3 d6 3. Bb5+ Nd7 4. c3 Ngf6 5. Qe2 a6 6. Ba4 b5 7. Bc2 Bb7 8. O-O
e5 9. Rd1 Be7 10. d4 Qc7 11. a4 O-O 12. axb5 axb5 13. Rxa8 Rxa8 14. dxe5 dxe5
15. Na3 b4 16. Nb5 Qb6 17. c4 Bf8 18. Bg5 Re8 19. Nd2 Nb8 20. Nf1 Re6 21. Ne3
h6 22. Bxf6 Rxf6 23. Nd5 Bxd5 24. exd5 Bd6 25. Re1 Nd7 26. h3 Bb8 27. Qe4 Nf8
28. Qe3 Ng6 29. g3 Nf8 30. Ra1 1-0

[Event "Banff op"]
[Site "Banff CAN"]
[Date "2021.11.12"]
[Round "2.22"]
[White "Nechio, Douglas"]
[Black "Green, Jason"]
[Result "1-0"]
[WhiteElo "1951"]
[BlackElo "1829"]
[PlyCount "77"]
[EventDate "2021.11.12"]
[EventType "swiss"]
[EventRounds "6"]
[EventCountry "CAN"]

1. e4 c5 2. Nf3 Nc6 3. d4 cxd4 4. Nxd4 Nf6 5. Nc3 e5 6. Ndb5 d6 7. Bg5 a6 8.
Na3 b5 9. Nd5 Be7 10. Bxf6 Bxf6 11. c4 b4 12. Nc2 O-O 13. g3 a5 14. b3 Be6 15.
h4 Bxd5 16. cxd5 Nd4 17. Bh3 Nb5 18. O-O Nc3 19. Qf3 Qb6 20. a4 Qc5 21. Ne3 Qd4
22. Bg2 Qd3 23. Rfe1 Bd8 24. Qg4 g6 25. Qd7 Bb6 26. Qxd6 Bd4 27. Rac1 Ra6 28.
Qe7 Ne2+ 29. Rxe2 Qxe2 30. Bf1 Qb2 31. Re1 Qxb3 32. Bxa6 Qxa4 33. Ng4 b3 34. h5
b2 35. h6 Bxf2+ 36. Kxf2 Qd4+ 37. Kf1 Qb6 38. Nf6+ Kh8 39. Qxf8# 1-0

[Event "Banff op"]
[Site "Banff CAN"]
[Date "2021.11.12"]
[Round "2.23"]
[White "Daniluk, Jim"]
[Black "May, Liam"]
[Result "1-0"]
[WhiteElo "1946"]
[BlackElo "1811"]
[PlyCount "93"]
[EventDate "2021.11.12"]
[EventType "swiss"]
[EventRounds "6"]
[EventCountry "CAN"]

1. d4 d5 2. Nf3 Nf6 3. c4 g6 4. Nc3 Bg7 5. g3 O-O 6. Bg2 c6 7. O-O dxc4 8. a4
Nd5 9. e4 Nxc3 10. bxc3 b5 11. Nd2 Nd7 12. axb5 cxb5 13. e5 Rb8 14. Rxa7 Qb6
15. Ra1 Bb7 16. Ba3 Rfe8 17. Qg4 Bxg2 18. Kxg2 Qb7+ 19. Kg1 f5 20. Qe2 e6 21.
Rfb1 Qd5 22. Nf1 Bh6 23. Bd6 Ra8 24. Rxa8 Rxa8 25. Qb2 Bf8 26. Qxb5 Qxb5 27.
Rxb5 Bxd6 28. exd6 Ra6 29. Rb7 Rxd6 30. Rc7 e5 31. Rxc4 exd4 32. Rxd4 Rxd4 33.
cxd4 Kf7 34. Ne3 Ke6 35. Kf1 Nf6 36. Ke2 g5 37. f3 f4 38. gxf4 gxf4 39. Ng2 Kf5
40. Kd3 Nd5 41. Kc4 Nb6+ 42. Kc5 Na4+ 43. Kc6 Nc3 44. d5 Ke5 45. d6 Nd5 46. d7
Ne7+ 47. Kb7 1-0

[Event "Banff op"]
[Site "Banff CAN"]
[Date "2021.11.12"]
[Round "2.24"]
[White "Zeggelaar, Mike"]
[Black "Carriere, Allan"]
[Result "1-0"]
[WhiteElo "1920"]
[BlackElo "1752"]
[PlyCount "103"]
[EventDate "2021.11.12"]
[EventType "swiss"]
[EventRounds "6"]
[EventCountry "CAN"]

1. d4 d5 2. c4 c6 3. Nf3 Nf6 4. Nc3 e6 5. Bf4 Nh5 6. Bg5 Be7 7. Bxe7 Qxe7 8. e4
dxe4 9. Nxe4 Nf6 10. Nxf6+ Qxf6 11. Bd3 Nd7 12. O-O c5 13. d5 O-O 14. Qc2 h6
15. Qe2 exd5 16. cxd5 Nb6 17. Rac1 Nxd5 18. Qe4 g6 19. Qxd5 Rd8 20. Qc4 Be6 21.
Qc2 Bd5 22. Be4 Bxe4 23. Qxe4 b6 24. Qe5 Qxe5 25. Nxe5 Rd2 26. Rb1 Rad8 27. Nc4
Re2 28. Rfe1 Rxe1+ 29. Rxe1 b5 30. Ne3 Rd2 31. Rb1 f5 32. g3 Kf7 33. Kf1 a6 34.
Ke1 Rd4 35. Rd1 Rb4 36. b3 f4 37. Nd5 Re4+ 38. Kd2 f3 39. Ne3 Kf6 40. Rc1 Rd4+
41. Ke1 c4 42. bxc4 bxc4 43. Rxc4 Rxc4 44. Nxc4 g5 45. g4 Ke6 46. Nd2 Ke5 47.
h3 Kf4 48. Nf1 Ke4 49. Kd2 Kd4 50. Ng3 Ke5 51. Ke3 Kf6 52. Kxf3 1-0

[Event "Banff op"]
[Site "Banff CAN"]
[Date "2021.11.12"]
[Round "2.25"]
[White "Kowalyk, Tim"]
[Black "Dave, Bhavik"]
[Result "0-1"]
[WhiteElo "1690"]
[BlackElo "1891"]
[PlyCount "36"]
[EventDate "2021.11.12"]
[EventType "swiss"]
[EventRounds "6"]
[EventCountry "CAN"]

1. e4 e5 2. Nf3 Nc6 3. d4 exd4 4. Nxd4 Nf6 5. Nxc6 bxc6 6. e5 Qe7 7. Qe2 Nd5 8.
c4 Ba6 9. g3 g6 10. b3 Bg7 11. Bb2 d6 12. f4 O-O 13. Nd2 Rab8 14. O-O-O Rfd8
15. Re1 dxe5 16. fxe5 Nb4 17. Qf2 Bh6 18. Bc3 Nxa2+ 0-1

[Event "Banff op"]
[Site "Banff CAN"]
[Date "2021.11.12"]
[Round "2.26"]
[White "Ratte, Cameron"]
[Black "Tran, Tri"]
[Result "1-0"]
[WhiteElo "1877"]
[BlackElo "1694"]
[PlyCount "63"]
[EventDate "2021.11.12"]
[EventType "swiss"]
[EventRounds "6"]
[EventCountry "CAN"]

1. e4 c5 2. Nf3 d6 3. d4 cxd4 4. Nxd4 Nf6 5. Nc3 a6 6. Bc4 e6 7. Bb3 Be7 8. f4
Qc7 9. f5 exf5 10. Nxf5 O-O 11. Qe2 Re8 12. Nxe7+ Qxe7 13. Bg5 Qe5 14. Bxf6
gxf6 15. O-O-O Be6 16. Bd5 Nc6 17. Rhf1 Rac8 18. Qf2 Kg7 19. Rd3 Nb4 20. Rg3+
Kh8 21. Qxf6+ Qxf6 22. Rxf6 Bxd5 23. exd5 Re7 24. Rxd6 a5 25. a3 Na6 26. Kd2
Rce8 27. Kd3 Nc5+ 28. Kc4 Nd7 29. Kb5 b6 30. Na4 Rb8 31. Nxb6 Nxb6 32. Rxb6 1-0

[Event "Banff op"]
[Site "Banff CAN"]
[Date "2021.11.12"]
[Round "2.27"]
[White "Chen, Ricky"]
[Black "Wu, Charles"]
[Result "0-1"]
[WhiteElo "1654"]
[BlackElo "1869"]
[PlyCount "82"]
[EventDate "2021.11.12"]
[EventType "swiss"]
[EventRounds "6"]
[EventCountry "CAN"]

1. e4 d5 2. exd5 Qxd5 3. Nc3 Qd6 4. Bc4 c6 5. d3 Nf6 6. Nf3 Bg4 7. h3 Bh5 8.
Bg5 Nbd7 9. Qe2 e6 10. O-O-O b5 11. Bb3 a5 12. Ne4 Qc7 13. Nxf6+ gxf6 14. Bxe6
fxe6 15. Qxe6+ Be7 16. Rde1 O-O-O 17. Qxe7 fxg5 18. Qxg5 Bxf3 19. gxf3 Rdf8 20.
Re3 Qf4 21. Qh5 Qf7 22. Qh6 Qf6 23. Qh5 h6 24. h4 Qf4 25. Qg6 Qf6 26. Qh5 Kc7
27. Rhe1 Qf4 28. Kb1 Qf5 29. Qxf5 Rxf5 30. Rg1 Rhf8 31. Rg3 Kd6 32. Kc1 Ne5 33.
d4 Nxf3 34. Rg6+ R8f6 35. h5 Kd5 36. Rg8 Kxd4 37. Rd8+ Kc5 38. Rb8 Ne5 39. Rc3+
Kd6 40. Rb7 Rf7 41. Rb6 Nc4 0-1

[Event "Banff op"]
[Site "Banff CAN"]
[Date "2021.11.12"]
[Round "2.28"]
[White "Carroll, Billy"]
[Black "Koperski, Dustin"]
[Result "0-1"]
[WhiteElo "1236"]
[BlackElo "1841"]
[PlyCount "78"]
[EventDate "2021.11.12"]
[EventType "swiss"]
[EventRounds "6"]
[EventCountry "CAN"]

1. e4 c5 2. Bc4 g6 3. Nf3 Bg7 4. d4 cxd4 5. Nxd4 Nc6 6. Be3 Nf6 7. Nc3 Qa5 8.
O-O O-O 9. Re1 d6 10. h3 Qb4 11. Bb3 Nxe4 12. Nxc6 bxc6 13. Bd4 Qxd4 14. Qxd4
Bxd4 15. Rxe4 Bf6 16. Na4 Bf5 17. Re2 Rfe8 18. c3 Bg5 19. Bc2 Bxc2 20. Rxc2
Rab8 21. Rd1 Red8 22. c4 e6 23. b3 d5 24. Nc3 d4 25. Ne4 Be7 26. c5 f5 27. Nd2
Rd5 28. Nf3 e5 29. Re2 Bf6 30. Rc2 Rb5 31. Rdc1 e4 32. Nd2 Be7 33. a3 Rbxc5 34.
b4 Rxc2 35. Rxc2 c5 36. b5 d3 37. Rc4 Bg5 38. Nb3 d2 39. Nxd2 Bxd2 0-1

[Event "Banff op"]
[Site "Banff CAN"]
[Date "2021.11.13"]
[Round "3.1"]
[White "Plotkin, Victor"]
[Black "Malek, Omid"]
[Result "1-0"]
[WhiteElo "2428"]
[BlackElo "2305"]
[PlyCount "73"]
[EventDate "2021.11.12"]
[EventType "swiss"]
[EventRounds "6"]
[EventCountry "CAN"]

1. e4 c6 2. Nc3 d5 3. Nf3 Nf6 4. exd5 cxd5 5. d4 a6 6. Ne2 Nc6 7. c3 Ne4 8. Ng3
Nxg3 9. hxg3 Bg4 10. Bd3 Qd7 11. Bf4 Bf5 12. Be2 h6 13. b4 Be4 14. b5 axb5 15.
Bxb5 Bxf3 16. Qxf3 e6 17. a4 Bd6 18. Bd2 Kf8 19. Kf1 Kg8 20. Re1 Qd8 21. g4 Be7
22. Rh5 g6 23. Rxh6 Rxh6 24. Bxh6 Bg5 25. Qh3 Qf6 26. Bxg5 Qxg5 27. Qg3 Rc8 28.
Qd6 Kg7 29. Qg3 Qd2 30. Qe3 Qb2 31. g5 Na7 32. Bd7 Rf8 33. Qe5+ Kg8 34. Qf6 Qc2
35. g4 Qd2 36. Rxe6 Nc6 37. Re3 1-0

[Event "Banff op"]
[Site "Banff CAN"]
[Date "2021.11.13"]
[Round "3.2"]
[White "Ginsburg, Mark"]
[Black "MacKinnon, Keith"]
[Result "0-1"]
[WhiteElo "2414"]
[BlackElo "2259"]
[PlyCount "60"]
[EventDate "2021.11.12"]
[EventType "swiss"]
[EventRounds "6"]
[EventCountry "CAN"]

1. Nf3 Nf6 2. d4 e6 3. Bg5 h6 4. Bxf6 Qxf6 5. e4 d6 6. Nc3 Qd8 7. h4 Nd7 8. Qd2
c6 9. d5 e5 10. Bc4 Nf6 11. dxc6 bxc6 12. Bxf7+ Kxf7 13. Nxe5+ Kg8 14. Nd3 d5
15. f3 dxe4 16. fxe4 Qd4 17. O-O-O Nxe4 18. Nxe4 Qxe4 19. Rhe1 Qd5 20. Qc3 Bg4
21. Nf4 Qxa2 22. Rd4 a5 23. Ng6 Bb4 24. Rxb4 axb4 25. Ne7+ Kf7 26. Rf1+ Kxe7
27. Qxg7+ Kd6 28. Qd4+ Qd5 29. Qxb4+ Kc7 30. c4 Ra1+ 0-1

[Event "Banff op"]
[Site "Banff CAN"]
[Date "2021.11.13"]
[Round "3.3"]
[White "Haessel, Dale"]
[Black "Ng, Gary"]
[Result "0-1"]
[WhiteElo "2216"]
[BlackElo "2368"]
[PlyCount "102"]
[EventDate "2021.11.12"]
[EventType "swiss"]
[EventRounds "6"]
[EventCountry "CAN"]

1. d4 Nf6 2. Bf4 e6 3. e3 c5 4. Nd2 Nc6 5. Ngf3 Be7 6. c3 Nh5 7. dxc5 Nxf4 8.
exf4 Bxc5 9. Ne4 Be7 10. Nd6+ Bxd6 11. Qxd6 Qe7 12. Qd3 O-O 13. Ng5 g6 14.
O-O-O d5 15. h4 Qf6 16. Qg3 h5 17. Be2 d4 18. c4 e5 19. fxe5 Nxe5 20. Rxd4 Bf5
21. Rhd1 Rac8 22. Ne4 Bxe4 23. Rxe4 Nxc4 24. Bxc4 b5 25. Rdd4 bxc4 26. Rxc4
Rxc4+ 27. Rxc4 Re8 28. Qf4 Re1+ 29. Kd2 Qe6 30. Kc3 Ra1 31. a3 Qe1+ 32. Kb3
Qd1+ 33. Kb4 Qe1+ 34. Ka4 Qd1+ 35. Ka5 Qd8+ 36. Qc7 Qd2+ 37. Rb4 Rf1 38. f3 Rf2
39. Ka6 Qe3 40. Qxa7 Qd3+ 41. Kb6 Rxg2 42. Qa8+ Kh7 43. Qe4 Qd8+ 44. Ka6 Rd2
45. Rb7 Qa8+ 46. Kb6 Rxb2+ 47. Kc7 Rxb7+ 48. Qxb7 Qxa3 49. Qe4 Qc3+ 50. Kd7 Kg7
51. f4 Qf6 {time} 0-1

[Event "Banff op"]
[Site "Banff CAN"]
[Date "2021.11.13"]
[Round "3.4"]
[White "Dukic, Zachary"]
[Black "Miller, David"]
[Result "0-1"]
[WhiteElo "2359"]
[BlackElo "2224"]
[PlyCount "86"]
[EventDate "2021.11.12"]
[EventType "swiss"]
[EventRounds "6"]
[EventCountry "CAN"]

1. d4 Nf6 2. c4 d6 3. Nc3 e5 4. e4 exd4 5. Qxd4 Nc6 6. Qd2 g6 7. b3 Bg7 8. Bb2
O-O 9. O-O-O Re8 10. f3 a5 11. g4 h6 12. Bg2 Be6 13. Qe2 Nd7 14. Na4 Nde5 15.
Nh3 Qe7 16. Kb1 Nb4 17. Nf2 g5 18. h4 c6 19. hxg5 hxg5 20. Qd2 Bxc4 21. Nb6
Bd3+ 22. Nxd3 Nbxd3 23. Ba1 Ra6 24. Qe3 Nc5 25. Nc4 Nxc4 26. bxc4 Bxa1 27. Kxa1
Qe5+ 28. Qd4 Ne6 29. Qxe5 dxe5 30. Kb2 Rb6+ 31. Kc3 Kg7 32. Bf1 Nc5 33. Rh5 f6
34. Rd6 Rb1 35. Bd3 Ra1 36. Rh2 Rd1 37. Kc2 Re1 38. Kd2 Ra1 39. Kc3 Re7 40. Rd8
Rd7 41. Rdh8 Rxd3+ 42. Kb2 Na4+ 43. Kc2 Rc3+ 0-1

[Event "Banff op"]
[Site "Banff CAN"]
[Date "2021.11.13"]
[Round "3.5"]
[White "Xu, Eddie"]
[Black "Gedajlovic, Max"]
[Result "1/2-1/2"]
[WhiteElo "2208"]
[BlackElo "2329"]
[PlyCount "80"]
[EventDate "2021.11.12"]
[EventType "swiss"]
[EventRounds "6"]
[EventCountry "CAN"]

1. d4 e6 2. c4 Nf6 3. Nc3 Bb4 4. f3 d6 5. a3 Bxc3+ 6. bxc3 e5 7. Bg5 h6 8. Bh4
g5 9. Bf2 e4 10. h4 g4 11. h5 Qd7 12. Rb1 Qf5 13. Rb5 d5 14. e3 c6 15. Rb2 Rg8
16. Ne2 gxf3 17. Nf4 dxc4 18. gxf3 Qa5 19. Qc2 b5 20. Bh4 Nbd7 21. Bh3 Kf8 22.
fxe4 Bb7 23. Rf1 c5 24. e5 cxd4 25. exd4 Re8 26. Bxd7 Be4 27. Qc1 Nxd7 28. Re2
Bd3 29. Nxd3 cxd3 30. Qxh6+ Rg7 31. Qh8+ Rg8 32. Qh6+ Rg7 33. Qd6+ Kg8 34. Qxd7
Qxc3+ 35. Kf2 dxe2 36. Qxe8+ Kh7 37. Kxe2 Qc4+ 38. Ke1 Qc3+ 39. Ke2 Qc4+ 40.
Ke1 Qc3+ 1/2-1/2

[Event "Banff op"]
[Site "Banff CAN"]
[Date "2021.11.13"]
[Round "3.6"]
[White "Benjamin, Joel"]
[Black "Lin, Leo"]
[Result "1-0"]
[WhiteElo "2640"]
[BlackElo "1947"]
[PlyCount "71"]
[EventDate "2021.11.12"]
[EventType "swiss"]
[EventRounds "6"]
[EventCountry "CAN"]

1. d4 d5 2. c4 c6 3. Nf3 Nf6 4. Nc3 dxc4 5. a4 Bf5 6. e3 e6 7. Bxc4 Bb4 8. O-O
O-O 9. Qe2 Nbd7 10. e4 Bg6 11. Bd3 Re8 12. Bf4 Nh5 13. Bd2 e5 14. dxe5 Nc5 15.
Bc2 Ne6 16. Qc4 a5 17. g3 Bc5 18. Ne2 Ba7 19. Rad1 Qc8 20. Nh4 Rd8 21. Bb3 Kh8
22. Bxa5 Rxd1 23. Bxd1 Ng5 24. Bd2 Nh3+ 25. Kg2 Qd7 26. Nxg6+ hxg6 27. Be3 b5
28. axb5 Qg4 29. f3 Qd7 30. e6 Qb7 31. bxc6 Qxb2 32. Bxa7 N3f4+ 33. gxf4 Nxf4+
34. Kh1 Rxa7 35. Nxf4 Ra2 36. Be2 1-0

[Event "Banff op"]
[Site "Banff CAN"]
[Date "2021.11.13"]
[Round "3.8"]
[White "Hoekman, Samuel"]
[Black "Cummings, David"]
[Result "0-1"]
[WhiteElo "1591"]
[BlackElo "2416"]
[PlyCount "82"]
[EventDate "2021.11.12"]
[EventType "swiss"]
[EventRounds "6"]
[EventCountry "CAN"]

1. d4 Nf6 2. Bg5 d5 3. Bxf6 gxf6 4. e3 c5 5. dxc5 e6 6. Nd2 Qa5 7. Ngf3 Qxc5 8.
c4 Bg7 9. Rc1 O-O 10. Bd3 Nc6 11. a3 dxc4 12. Rxc4 Qe7 13. Rh4 f5 14. g4 Ne5
15. Bc2 Ng6 16. Rh5 fxg4 17. Ng5 h6 18. Qxg4 hxg5 19. Rxg5 e5 20. Qh5 Bd7 21.
Rhg1 Rac8 22. Qd1 Be8 23. Bb3 Kh7 24. h4 Bh6 25. R5g3 Qxh4 26. Rg4 Qe7 27. Ne4
Kg7 28. Nd6 Bd7 29. Nxc8 Rxc8 30. R4g3 Bf5 31. Qh5 Rc1+ 32. Bd1 Bc2 33. Kd2
Rxd1+ 34. Rxd1 Bxd1 35. Kxd1 Qf6 36. Qe2 Bg5 37. Rf3 Qc6 38. Rg3 Bh4 39. Rg4 e4
40. Qd2 Bxf2 41. Qc2 Qd7+ 0-1

[Event "Banff op"]
[Site "Banff CAN"]
[Date "2021.11.13"]
[Round "3.9"]
[White "Jung, Hans"]
[Black "Dorn, Paris"]
[Result "1-0"]
[WhiteElo "2210"]
[BlackElo "2141"]
[PlyCount "75"]
[EventDate "2021.11.12"]
[EventType "swiss"]
[EventRounds "6"]
[EventCountry "CAN"]

1. Nc3 d5 2. e4 d4 3. Nce2 e5 4. Ng3 Be6 5. Bb5+ c6 6. Ba4 Na6 7. Bb3 Bxb3 8.
axb3 d3 9. c3 Nc5 10. Nf3 f6 11. O-O g6 12. Ne1 Ne6 13. b4 Nh6 14. Nh1 Nf4 15.
g3 Ne2+ 16. Kg2 Qd7 17. f3 c5 18. Nf2 c4 19. b3 b5 20. bxc4 bxc4 21. Bb2 Nf7
22. Ra5 Ng5 23. Rd5 Qe6 24. Qa4+ Kf7 25. h4 h6 26. hxg5 hxg5 27. Qd1 Bd6 28.
Nexd3 cxd3 29. Rxd3 Nxg3 30. Kxg3 Rh4 31. Rh1 Rah8 32. Rxh4 gxh4+ 33. Kh2 f5
34. Qa4 g5 35. Qc6 Rd8 36. Qd5 g4 37. Qxe6+ Kxe6 38. fxg4 1-0

[Event "Banff op"]
[Site "Banff CAN"]
[Date "2021.11.13"]
[Round "3.10"]
[White "Findlay, Ian"]
[Black "Zeggelaar, Mike"]
[Result "1-0"]
[WhiteElo "2316"]
[BlackElo "1920"]
[PlyCount "33"]
[EventDate "2021.11.12"]
[EventType "swiss"]
[EventRounds "6"]
[EventCountry "CAN"]

1. e4 e6 2. d4 d5 3. Nd2 dxe4 4. Nxe4 Nd7 5. Nf3 Ngf6 6. Nxf6+ Nxf6 7. Bd3 c5
8. O-O Be7 9. dxc5 Bxc5 10. b3 O-O 11. Bb2 b6 12. Ng5 Be7 13. Qf3 h6 14. Nxf7
Qd5 15. Ne5 Qxf3 16. Nxf3 Bb7 17. Nd4 1-0

[Event "Banff op"]
[Site "Banff CAN"]
[Date "2021.11.13"]
[Round "3.11"]
[White "Dave, Bhavik"]
[Black "Chandra, Anand Rishi"]
[Result "1-0"]
[WhiteElo "1891"]
[BlackElo "2138"]
[PlyCount "61"]
[EventDate "2021.11.12"]
[EventType "swiss"]
[EventRounds "6"]
[EventCountry "CAN"]

1. d4 d5 2. c4 e6 3. Nf3 Nf6 4. g3 Be7 5. Bg2 O-O 6. O-O c5 7. Qc2 Nc6 8. Rd1
Qb6 9. e3 Rd8 10. a3 dxc4 11. Nbd2 cxd4 12. Nxc4 Qc7 13. exd4 Nd5 14. Ne3 Qb6
15. Nc4 Qc7 16. Ne3 a6 17. b4 b5 18. Nxd5 exd5 19. Ne5 Bb7 20. Bf4 Qb6 21. Qf5
Nxe5 22. dxe5 Bc8 23. Qh5 Be6 24. Be3 Qb7 25. f4 f5 26. g4 Qd7 27. gxf5 Bf7 28.
Qg4 h5 29. Qh3 Qb7 30. Rd3 a5 31. Rad1 1-0

[Event "Banff op"]
[Site "Banff CAN"]
[Date "2021.11.13"]
[Round "3.12"]
[White "Wu, Charles"]
[Black "Wang, Paul"]
[Result "0-1"]
[WhiteElo "1869"]
[BlackElo "2137"]
[PlyCount "92"]
[EventDate "2021.11.12"]
[EventType "swiss"]
[EventRounds "6"]
[EventCountry "CAN"]

1. d4 d5 2. Bf4 Nf6 3. e3 e6 4. Nd2 c5 5. c3 Nc6 6. Ngf3 Bd6 7. Bg3 O-O 8. Bd3
b6 9. Ne5 Bb7 10. f4 Ne7 11. Qb1 h6 12. Bh4 Nd7 13. Bxe7 Qxe7 14. Ndf3 Bxe5 15.
fxe5 f5 16. O-O c4 17. Bc2 b5 18. b3 cxb3 19. Qxb3 a5 20. a4 Nb6 21. axb5 Nc4
22. Rfe1 g5 23. Re2 f4 24. exf4 Rxf4 25. Nd2 Qf7 26. Nxc4 dxc4 27. Qxc4 Rf8 28.
h3 g4 29. Qd3 gxh3 30. Qxh3 Rf1+ 31. Rxf1 Qxf1+ 32. Kh2 Qxe2 33. Qxe6+ Rf7 34.
Bh7+ Kf8 35. Qxh6+ Ke8 36. Qe6+ Kd8 37. Qd6+ Kc8 38. Qc5+ Kb8 39. Qd6+ Ka7 40.
Qc5+ Ka8 41. d5 Rxh7+ 42. Kg3 Qd3+ 43. Kf4 Rf7+ 44. Kg4 Qf5+ 45. Kh4 Qf4+ 46.
Kh5 Rf5+ 0-1

[Event "Banff op"]
[Site "Banff CAN"]
[Date "2021.11.13"]
[Round "3.13"]
[White "Booker, Brad"]
[Black "Ratte, Cameron"]
[Result "1-0"]
[WhiteElo "2123"]
[BlackElo "1877"]
[PlyCount "93"]
[EventDate "2021.11.12"]
[EventType "swiss"]
[EventRounds "6"]
[EventCountry "CAN"]

1. e4 c5 2. Nf3 Nc6 3. Bb5 g6 4. Bxc6 bxc6 5. d3 Bg7 6. Nbd2 e5 7. Nc4 d6 8.
Bd2 Ne7 9. Ba5 Qd7 10. h4 h5 11. Qe2 O-O 12. O-O-O Ba6 13. Nfd2 Rab8 14. f3 Qb7
15. b3 d5 16. Ne3 c4 17. dxc4 d4 18. Nef1 c5 19. Nb1 Nc6 20. Bd2 Rfd8 21. Qd3
Nb4 22. Bxb4 Qxb4 23. g4 hxg4 24. fxg4 Bc8 25. Rg1 Be6 26. Nfd2 a5 27. Rdf1 a4
28. g5 axb3 29. cxb3 Ra8 30. a3 Qb7 31. Rf2 Kf8 32. a4 Ke7 33. Na3 Rh8 34. Qg3
Rad8 35. Nb5 Rdf8 36. Kc2 Qd7 37. Kd3 f5 38. gxf6+ Bxf6 39. Nf3 Kd8 40. Nxe5
Bxe5 41. Qxe5 Rxf2 42. Qxh8+ Ke7 43. Rxg6 Bf7 44. Qe5+ Kf8 45. Qxc5+ Ke8 46.
Nc7+ Kd8 47. Rd6 1-0

[Event "Banff op"]
[Site "Banff CAN"]
[Date "2021.11.13"]
[Round "3.14"]
[White "Prince, Colin"]
[Black "Wu, Nathan"]
[Result "0-1"]
[WhiteElo "2007"]
[BlackElo "1868"]
[PlyCount "82"]
[EventDate "2021.11.12"]
[EventType "swiss"]
[EventRounds "6"]
[EventCountry "CAN"]

1. e4 d5 2. exd5 Qxd5 3. Nc3 Qd6 4. Nf3 c6 5. Bc4 Nf6 6. O-O Bg4 7. h3 Bh5 8.
Qe2 e6 9. d3 Nbd7 10. Rd1 Be7 11. Ne4 Nxe4 12. dxe4 Qc7 13. g4 Bg6 14. e5 O-O
15. h4 h5 16. g5 Bc5 17. c3 Rfd8 18. b4 b5 19. Bb3 Bb6 20. Bf4 a6 21. a4 Qb7
22. Nd2 Bc7 23. Bg3 Nb6 24. Ne4 Bxe4 25. Qxe4 Nd5 26. g6 Bb6 27. Rd3 Rf8 28.
Bc2 fxg6 29. Rxd5 cxd5 30. Qxg6 Rf3 31. Qh7+ Kf8 32. Qh8+ Ke7 33. Qxg7+ Rf7 34.
Qg5+ Kd7 35. Qxh5 Bxf2+ 36. Bxf2 Rg8+ 37. Bg6 Rfg7 38. Be3 Rxg6+ 39. Bg5 Qb6+
40. Kg2 Qe3 41. Kh1 Qh3+ 0-1

[Event "Banff op"]
[Site "Banff CAN"]
[Date "2021.11.13"]
[Round "3.15"]
[White "Koperski, Dustin"]
[Black "Yao, David"]
[Result "1-0"]
[WhiteElo "1841"]
[BlackElo "1998"]
[PlyCount "77"]
[EventDate "2021.11.12"]
[EventType "swiss"]
[EventRounds "6"]
[EventCountry "CAN"]

1. e4 c6 2. Nc3 d5 3. Nf3 Bg4 4. h3 Bxf3 5. Qxf3 d4 6. Ne2 e5 7. Ng3 Nf6 8. Bc4
g6 9. d3 Bb4+ 10. Kf1 Nbd7 11. Bg5 Be7 12. h4 Qb6 13. Bb3 O-O-O 14. a4 Kb8 15.
a5 Qb5 16. Ke2 h6 17. Bxf6 Nxf6 18. Rhb1 Rhf8 19. Bc4 Qb4 20. Kf1 Nd7 21. h5
Bh4 22. c3 Qd6 23. Ne2 f5 24. g3 fxe4 25. Qxe4 Qf6 26. Qg2 Bg5 27. Kg1 e4 28.
Nxd4 Ne5 29. hxg6 Nf3+ 30. Nxf3 exf3 31. Qh3 Qxg6 32. Re1 Rfe8 33. Qg4 Qf6 34.
Qh5 Re5 35. Rxe5 Qxe5 36. Qxf3 Rd7 37. d4 Qd6 38. Re1 Kc7 39. Re6 1-0